[Event "Calvi Balagne op 08th"]
[Site "Calvi"]
[Date "2011.04.26"]
[Round "1"]
[White "Pillot, Antoine"]
[Black "Bauer, Christian"]
[Result "0-1"]
[WhiteElo "1869"]
[BlackElo "2633"]
[PlyCount "46"]
[EventDate "2011.04.26"]
[EventType "swiss"]
[EventRounds "8"]
[EventCountry "FRA"]
[SourceTitle "CBM 142 Extra"]
[Source "ChessBase"]
[SourceDate "2011.06.27"]
[SourceVersion "1"]
[SourceVersionDate "2011.06.27"]
[SourceQuality "1"]

1. e4 d5 2. exd5 Qxd5 3. Nc3 Qa5 4. Nf3 Nf6 5. Bc4 Bg4 6. d3 e6 7. Bd2 Qh5 8. Qe2 a6 9. Ne4 Nxe4 10. Qxe4 Bxf3 11. gxf3 Nc6 12. Bc3 Qh6 13. Ke2 Be7 14. Rag1 Bf6 15. Bd2 Qh5 16. c3 0-0-0 17. Bxa6 Rd5 18. Qa4 Ne5 19. Bb5 Qxf3+ 20. Kf1 Rxb5 21. Qxb5 Nxd3 22. Be3 Rd8 23. Qa4 Nxb2 0-1

[Event "Fourmies op 34th"]
[Site "Fourmies"]
[Date "2010.05.22"]
[Round "1"]
[White "Pillot, Antoine"]
[Black "Shirazi, Kamran"]
[Result "0-1"]
[WhiteElo "1864"]
[BlackElo "2425"]
[PlyCount "54"]
[EventDate "2010.05.22"]
[EventType "swiss"]
[EventRounds "7"]
[EventCountry "FRA"]
[SourceTitle "CBM 136 Extra"]
[Source "ChessBase"]
[SourceDate "2010.07.02"]
[SourceVersion "2"]
[SourceVersionDate "2010.07.15"]
[SourceQuality "1"]

1. e4 c6 2. d4 d5 3. e5 c5 4. dxc5 Nc6 5. Bb5 e6 6. Be3 Nge7 7. f4 Nf5 8. Bf2 Qa5+ 9. Nc3 Qb4 10. Nge2 Bxc5 11. Bxc5 Qxc5 12. Bxc6+ bxc6 13. Qd3 Qb6 14. 0-0-0 Ba6 15. Qd2 Rb8 16. b3 Bxe2 17. Nxe2 d4 18. g4 Ne3 19. Rdg1 c5 20. Ng3 a5 21. Ne4 a4 22. Nd6+ Ke7 23. f5 axb3 24. cxb3 Qa6 25. Kb2 Rb6 26. Ra1 Ra8 27. Rhc1 Qa3+ 0-1

[Event "Avoine op 24th"]
[Site "Avoine"]
[Date "2009.07.20"]
[Round "2"]
[White "Pillot, Antoine"]
[Black "Lesbros, Bernard"]
[Result "0-1"]
[WhiteElo "1910"]
[BlackElo "2018"]
[PlyCount "42"]
[EventDate "2009.07.18"]
[EventType "swiss"]
[EventRounds "9"]
[EventCountry "FRA"]
[SourceTitle "CBM 131 Extra"]
[Source "ChessBase"]
[SourceDate "2009.09.03"]
[SourceVersion "2"]
[SourceVersionDate "2009.09.16"]
[SourceQuality "1"]

1. e4 c5 2. Nc3 e6 3. g3 d5 4. d3 d4 5. Nce2 Nc6 6. f4 e5 7. Nf3 Bg4 8. Bg2 Bd6 9. Nxe5 Bxe5 10. fxe5 Nxe5 11. Bf4 Ng6 12. 0-0 Qd7 13. Bf3 Nf6 14. Bxg4 Nxg4 15. Bd2 0-0 16. Nf4 N6e5 17. Nd5 f5 18. Qe2 Rae8 19. h3 fxe4 20. Rxf8+ Rxf8 21. dxe4 Rf2 0-1

[Event "FRA-chT3 Regionale 0102"]
[Site "France"]
[Date "2002.02.24"]
[Round "5.1"]
[White "Pillot, Antoine"]
[Black "Renard, Stephane"]
[Result "0-1"]
[WhiteElo "1690"]
[BlackElo "2060"]
[PlyCount "52"]
[EventDate "2001.10.21"]
[EventType "team-tourn"]
[EventRounds "7"]
[EventCountry "FRA"]
[SourceTitle "EXT 2019"]
[Source "ChessBase"]
[SourceDate "2018.10.10"]
[SourceVersion "1"]
[SourceVersionDate "2018.10.10"]
[SourceQuality "1"]

1. d4 d5 2. c4 c6 3. Nc3 Nf6 4. Nf3 dxc4 5. e3 b5 6. Be2 Bf5 7. Ne5 e6 8. Bf3 Nd5 9. Bd2 f6 10. Bxd5 cxd5 11. Nf3 Qd7 12. Nh4 Bd3 13. Ne2 g5 14. Nf3 Nc6 15. Nc1 Bg6 16. a4 b4 17. g4 a5 18. h4 gxh4 19. Nxh4 Bf7 20. Ne2 Bd6 21. f4 0-0-0 22. Nf3 Rdg8 23. g5 fxg5 24. Nxg5 h6 25. Nxf7 Qxf7 26. Qc2 Rg2 0-1